Science & Technology in the Development of India/ (Record no. 213950)

MARC details
000 -LEADER
fixed length control field 00587nam a22001937a 4500
005 - DATE AND TIME OF LATEST TRANSACTION
control field 20251216160012.0
010 ## - LCCN (DPL NO)
LC control number ENG-147341
020 ## - INTERNATIONAL STANDARD BOOK NUMBER
International Standard Book Number 9788195468027
Terms of availability 499.00
035 ## - SYSTEM CONTROL NUMBER
System control number EN-130873
037 ## - SOURCE OF ACQUISITION
Source of stock number/acquisition DBAD
082 ## - DEWEY DECIMAL CLASSIFICATION NUMBER
Classification number 303.440954
100 ## - MAIN ENTRY--PERSONAL NAME
Personal name Navaneethan S
245 ## - TITLE STATEMENT
Title Science & Technology in the Development of India/
Statement of responsibility, etc By S Navaneethan
250 ## - EDITION STATEMENT
Edition statement 1
260 ## - PUBLICATION, DISTRIBUTION, ETC. (IMPRINT)
Place of publication, distribution, etc Chennai
Name of publisher, distributor, etc Tamizhi Books
Date of publication, distribution, etc 2022
270 ## - ADDRESS
Address 20th Main Road, Anna Nager tamil Nadu
City Chennai
Postal code 600040
300 ## - PHYSICAL DESCRIPTION
Extent 418p.
Other physical details Appendix
Dimensions 28cm(pb)
942 ## - ADDED ENTRY ELEMENTS (KOHA)
Source of classification or shelving scheme Dewey Decimal Classification
Item type English Books
Classification part 303.440954
Call number suffix NAV
Holdings
Withdrawn status Lost status Not for loan Collection code Home library Current library Date acquired Source of acquisition Cost, normal purchase price Full call number Barcode Copy number Cost, replacement price Koha item type
      Non-fiction Sarojini Nagar Sarojini Nagar 16/12/2025 Delivery of Books Act Division 499.00 303.440954 NAV EN-130873 1 499.00 English Books

© Delhi Public Library
Hit Counter
free hit counter